000 03131nam a22012374i 4500
003 PE-LiUPU
005 20250813185422.0
008 180711s2015 sp rb 000 0 spa d
020 _a9788415212294
035 _a(Sirsi) a249218
040 _aPE-LiUPU
_bspa
_cPE-LiUPU
_erda
049 _aPRUA
082 0 4 _a372.21
_bP8
_220
245 0 0 _aNuevas miradas a la educación infantil /
_cDolors Cabrera (coord.) ; traducción, Núria Martínez Sánchez.
250 _aPrimera edición.
264 1 _aBarcelona :
_bICE, Universitat de Barcelona,
_c2015.
300 _a145 páginas ;
_c21 centímetros.
336 _atext
_2rdacontent
337 _aunmediated
_2rdamedia
338 _avolume
_2rdacarrier
490 0 _aCuadernos de educación ;
_v70
504 _aBibliografía al final de cada capítulo.
505 0 _aFamilias, vida cotidiana y cuidados de la infancia: nuevas miradas para el siglo XXI -- Acompañar el crecimiento humano: las referencias éticas -- Los servicios educativos de la pequeña infancia como contexto de desarrollo.
526 _aP202
526 _aP201
526 _aP163
526 _aP162
526 _aP161
526 _aP160
526 _aP148
526 _aP147
526 _aP146
526 _aP145
526 _aP144
526 _aP143
526 _aP142
526 _aP141
526 _aP140
526 _aP139
526 _aP138
526 _aP137
526 _aP136
526 _aP135
526 _aP134
526 _aP133
526 _aP129
526 _aP128
526 _aP127
526 _aP120
526 _aP119
526 _aP118
526 _aP116
526 _aP115
526 _aP114
526 _aP110
526 _aP109
526 _aP108
526 _aP104
526 _aP103
526 _aP102
526 _aP99
526 _aP98
526 _aP97
526 _aP96
526 _aP95
526 _aP93
526 _aP90
526 _aP89
526 _aP88
526 _aP83
526 _aP82
526 _aP62
526 _aP59
526 _aP58
526 _aP57
526 _aP51
526 _aP49
526 _aP48
526 _aP47
526 _aP29
526 _aP24
526 _aP20
526 _aP19
526 _aP17
526 _aP15
526 _aP14
526 _aP12
526 _aP10
526 _aP09
526 _aP08
526 _aP07
526 _aP06
526 _aP05
526 _aP04
526 _aP01
541 _g0001-003607;
650 0 7 _aFamilia y enseñanza
_2embne
650 0 7 _aEducación infantil
_2embne
700 1 _aCabrera, Dolors,
_ecoordinador.
700 1 _aBrullet, Cristina,
_etraductora.
910 _adbm
_bjpc
_cjpc
_d20180711
942 _2ddc
_cBOOK
994 _aC0
_bPEPRU
596 _a1
999 _a372.21 P8
_wDEWEY
_c28801
_i79028
_f2021-11-8
_g4
_lCCODEBUL1
_mBUL
_p28.00
_r0
_sY
_tBOOK
_u2018-7-11
_xEDUCACION
_PP19
_0COMPRA
_1FCOMPRA
_o.STAFF. Colección Ciencias Humanas y Educación
_d28801
980 _81
_gALBERTO SANCHEZ Responsable de Automatización